Score 0/40 Timer 10:00
0 Plays Today
% Correct
Adler Arena Trade & Exhibition Center, Adler, The Russian Federation
100%
The Motherland Calls, Volgograd, The Russian Federation
81.6%
The Swallow's Nest, Yalta, Crimea
78.9%
Fisht Olympic Stadium, Adler, The Russian Federation
76.3%
Volgograd Station, Volgograd, The Russian Federation
65.8%
Livadiya Palace, Livadiya, Crimea
60.5%
The Bolshoy Ice Dome, Adler, The Russian Federation
57.9%
Sochi Autodrom, Adler, The Russian Federation
52.6%
Volga Hydroelectric Station, Volgograd, The Russian Federation
47.4%
Chersonesos, Sevastopol, Crimea
44.7%
The Crimean Bridge, Kerch, Crimea
40%
The Iceberg Skating Palace, Adler, The Russian Federation
39.5%
Rostov Arena, Rostov-on-Don, The Russian Federation
31.6%
The Sochi Arboretum, Sochi, The Russian Federation
28.9%
Sliding Center Sanki, Rzhanaya Polyana, The Russian Federation
28.9%
Grozny-City Towers, Grozny, The Russian Federation
21.1%
Volgograd Arena, Volgograd, The Russian Federation
20%
Shukhov's Tower, Krasnodar, The Russian Federation
18.4%
Summer Theatre, Sochi, The Russian Federation
15.8%
Assumption Cathedral, Astrakhan Kremlin, Astrakhan, The Russian Federation
13.2%
% Correct
The Bell of Chersonesos, Chersonesus, Sevastopol, Crimea
13.2%
Massandra Palace, Massandra, Crimea
10.5%
Vorontsov Palace, Alupka, Crimea
7.9%
The Church of Christ's Resurrection, Foros, Crimea
7.9%
Astrakhan State Opera & Ballet, Astrakhan, The Russian Federation
7.9%
North Caucasus Railway, Rostov-on-Don, The Russian Federation
7.9%
Sochi Circus, Sochi, The Russian Federation
7.9%
Burkhan Bakshin Altan Sume, Elista, The Russian Federation
5.3%
Alferaki Palace, Taganrog, The Russian Federation
5.3%
Akhmad Kadyrov Mosque, Grozny, The Russian Federation
5.3%
Our Lady of Assumption, Astrakhan, The Russian Federation
5.3%
The Defence of Sevastopol Panorama, Sevastopol, Crimea
5.3%
Pagoda of Seven Days, Elista, The Russian Federation
5.3%
Holy Cross Church, Nakhichevan-on-Don, The Russian Federation
5.3%
The Grand Mosque, Makhachkala, The Russian Federation
2.6%
The City Duma, Rostov-on-Don, The Russian Federation
2.6%
The Nativity Chapel, The Laspi Pass, Tylove, Crimea
2.6%
St. Vladimir's Cathedral, Astrakhan, The Russian Federation
0%
St. Vladimir's Cathedral, Sevastopol, Crimea
0%
Krasnodar Stadium, Krasnodar, The Russian Federation
0%
Remove Ads.
Support Sporcle.
Get the best of Sporcle when you Go Orange. This ad-free experience offers more features, more stats, and more fun while also helping to support Sporcle. Thank you for becoming a member.

You're not logged in!

Compare scores with friends on all Sporcle quizzes.
OR
Log In

Show Comments

Extras

Top Quizzes Today


Score Distribution

Your Account Isn't Verified!

In order to create a playlist on Sporcle, you need to verify the email address you used during registration. Go to your Sporcle Settings to finish the process.

Report this User

Report this user for behavior that violates our Community Guidelines.

Details: